000 01185cam a2200349 a 4500
001 915
005 20230824112428.0
008 100521s2011 nyua b 000 1 eng
020 _a9780545543651
040 _aDLC
_cDLC
_dDLC
_beng
050 0 0 _aPZ7.O81167
_bCr 2011
082 0 0 _aFic
100 1 _aOsborne, Mary Pope.
245 1 2 _aA crazy day with cobras /
_cby Mary Pope Osborne ; illustrated by Sal Murdocca.
250 _aFirst Scholastic printing, February 2013
260 _aNew York :
_c2011.
300 _a112 pages :
_billustrations ;
_c20 cm.
490 0 _aMagic tree house
_vBook 45
500 _a"A Merlin mission."
500 _a"A Stepping Stone book."
505 _aN
520 _aThe magic tree house whisks Jack and Annie to India during the Mogul Empire in the 1600s to search for an emerald needed to break a magic spell.
521 _a570
_bLexile
521 _aN
_bRaz-Plus
650 1 _aTime travel
_vFiction.
650 1 _aTree houses
_vFiction.
650 1 _aMagic
_vFiction.
650 1 _aSiblings
_vFiction.
700 1 _aMurdocca, Sal
_eillustrator
906 _a7
_bcbc
_corignew
_d1
_eecip
_f20
_gy-gencatlg
942 _2ddc
_cBK
_n0
999 _c915
_d915